• 首页
  • 本馆介绍
  • 公告通知
  • 最新文献
  • 馆藏检索
  • 电子资源
  • 读者导购
  • 参考咨询
  • 我的图书馆
  • 登录
  • 详细信息显示
  • 放入我的书架
  • 预约/预借图书
  • 作者相关作品
  • 分类相关作品
  • 丛书相关作品
  • 出版社相关作品

书目信息

  • 表格格式
  • 工作单格式
  • 卡片格式
题名:
一分钟读懂对方心理
    
 
作者: 何菲鹏 编著
分册:  
出版信息: 北京   中国华侨出版社  2010
页数: 259页
开本: 24cm
丛书名:
单 册:
中图分类: C912.1
科图分类:
主题词: 心理交往--通俗读物 , 心理交往
电子资源:
ISBN: 978-7-5113-0524-4
000 00819nam0 2200241 45
001 1133485938
005 20110411170726.18
010    @a978-7-5113-0524-4@dCNY29.00
100    @a20110406d2010 em y0chiy0110 ea
101 0  @achi
102    @aCN@b110000
105    @ay z 000yy
106    @ar
200 1  @a一分钟读懂对方心理@AYi Fen Zhong Du Dong Dui Fang Xin Li@f何菲鹏编著@FHe Fei Peng Bian Zhu
210    @a北京@c中国华侨出版社@d2010
215    @a259页@d24cm
330    @a本书教你如何在和对方交往的短时间内,透过对方的长相穿着、言行举止、肢体动作、洞悉对方的心理,从而瞬间拉近彼此间的距离,进而建立顺畅而高效的沟通。
606 0  @a心理交往@j通俗读物
606 0  @a心理交往
690    @aC912.1@v4
701  0 @a何菲鹏@AHe Fei Peng@4编著
801  0 @aCN@bTANGWEI@c20110411
905    @b0533633-37@dC912.1@e715@f5
    
    一分钟读懂对方心理/何菲鹏编著.-北京:中国华侨出版社,2010
    259页;24cm
    
    
    ISBN 978-7-5113-0524-4:CNY29.00
    本书教你如何在和对方交往的短时间内,透过对方的长相穿着、言行举止、肢体动作、洞悉对方的心理,从而瞬间拉近彼此间的距离,进而建立顺畅而高效的沟通。
●
相关链接 在E读中查询图书 在五车中查询图书 在当当中查询图书 在豆瓣中查询图书


正题名:一分钟读懂对方心理     索取号:C912.1/715         预约/预借

序号 登录号 条形码 馆藏地/架位号 状态 备注
1 0533633   205336331   第一样本阅览室/ [索取号:C912.1/715] 在馆    
2 0533634   205336340   第一借阅区/ [索取号:C912.1/715] 在馆    
3 0533635   205336359   第一借阅区/ [索取号:C912.1/715] 在馆    
4 0533636   205336368   第一借阅区/ [索取号:C912.1/715] 在馆    
5 0533637   205336377   第一借阅区/ [索取号:C912.1/715] 在馆    
唐山师范学院图书馆 欢迎您!
大连网信软件有限公司© 版权所有